• 首页
  • 本馆介绍
  • 公告通知
  • 最新文献
  • 馆藏检索
  • 电子资源
  • 读者导购
  • 参考咨询
  • 我的图书馆
  • 登录
  • 详细信息显示
  • 放入我的书架
  • 预约/预借图书
  • 作者相关作品
  • 分类相关作品
  • 丛书相关作品
  • 出版社相关作品

书目信息

  • 表格格式
  • 工作单格式
  • 卡片格式
题名:
生物质原料
    
 
作者: 张弦 , 罗才武 , 晁自胜 著
分册:  
出版信息: 北京   中国原子能出版社  2021.6
页数: 217页
开本: 24cm
丛书名:
单 册:
中图分类: TQ253.2
科图分类:
主题词: 吡啶--化合物--研究
电子资源:
ISBN: 978-7-5221-0847-6
000 01032nam0 2200253 45
001 012001001206
005 20140913101239.0
010    @a978-7-5221-0847-6@dCNY68.00
100    @a20210205d2020 em y0chiy50 ea
101 0  @achi
102    @aCN@b110000
105    @aa z 000yy
106    @ar
200 1  @a生物质原料@Asheng wu zhi yuan liao@e乙醇和丙烯醛制吡啶和甲基吡啶@f张弦,罗才武,晁自胜著
210    @a北京@c中国原子能出版社@d2021.6
215    @a217页@c图@d24cm
330    @a本书共分5个章节。第1章主要介绍生物质乙醇、甘油和丙烯醛信息、吡啶和甲基吡啶性质、合成方法、催化剂、合成机理和分子筛信息。第2章主要介绍醇氨法制备吡啶及甲基吡啶的工艺过程。第3章和第4章分别介绍丙烯醛液相法和气相法制备3-甲基吡啶的工艺过程。第5章介绍醇氨法和丙烯醛法制吡啶和甲基吡啶的合成机理。
606 0  @a吡啶@x化合物@x研究
690    @aTQ253.2@v5
701  0 @a张弦@Azhang xian@c(化学工业)@4著
701  0 @a罗才武@Aluo cai wu@4著
701  0 @a晁自胜@Achao zi sheng@4著
801  0 @aCN@bBJSDL@c20211011
905    @b1333458-61@dTQ253.2@e48@f4
    
    生物质原料:乙醇和丙烯醛制吡啶和甲基吡啶/张弦,罗才武,晁自胜著.-北京:中国原子能出版社,2021.6
    217页:图;24cm
    
    
    ISBN 978-7-5221-0847-6:CNY68.00
    本书共分5个章节。第1章主要介绍生物质乙醇、甘油和丙烯醛信息、吡啶和甲基吡啶性质、合成方法、催化剂、合成机理和分子筛信息。第2章主要介绍醇氨法制备吡啶及甲基吡啶的工艺过程。第3章和第4章分别介绍丙烯醛液相法和气相法制备3-甲基吡啶的工艺过程。第5章介绍醇氨法和丙烯醛法制吡啶和甲基吡啶的合成机理。
●
相关链接 在E读中查询图书 在五车中查询图书 在当当中查询图书 在豆瓣中查询图书


正题名:生物质原料     索取号:TQ253.2/48         预约/预借

序号 登录号 条形码 馆藏地/架位号 状态 备注
1 1333458   213334587   第二样本阅览室/ [索取号:TQ253.2/48] 在馆    
2 1333459   213334596   第三借阅区/ [索取号:TQ253.2/48] 在馆    
3 1333460   213334603   第三借阅区/ [索取号:TQ253.2/48] 在馆    
4 1333461   213334612   第三借阅区/ [索取号:TQ253.2/48] 在馆    
唐山师范学院图书馆 欢迎您!
大连网信软件有限公司© 版权所有